Estatísticas para Maiores países por área A-Z

Clique aqui para jogar o quiz

Estatísticas Gerais

  • Esse quiz foi jogado 185 vezes
  • A pontuação média é 16 de 23

Estatísticas das Respostas

LetraSuperfície (km²)País% Correto
B8 515 767Brasil
98%
C9 984 670Canadá
95%
D43 094Dinamarca
94%
E9 833 517Estados Unidos
93%
R17 098 246Rússia
93%
I3 287 263Índia
89%
A7 741 220Austrália
84%
O309 500Omã
82%
F551 695França
76%
Q580 367Quênia
72%
Z752 618Zâmbia
70%
J377 975Japão
69%
K17 818Kuweit
69%
V916 445Venezuela
69%
H112 492Honduras
68%
M1 964 375México
64%
U603 550Ucrânia
57%
L1 759 540Líbia
50%
P1 285 216Peru
45%
N1 267 000Niger
44%
S1 861 484Sudão
39%
T947 300Tanzânia
39%
G267 667Gabão
37%

Distribuição das Pontuações

Percentil de Números Respondidos

Porcentagem de Pessoas com Cada Pontuação

Sua Pontuação Histórica

Você não jogou esse quiz